| 000 | 00484nam a22001697a 4500 | ||
|---|---|---|---|
| 005 | 20240823091246.0 | ||
| 008 | 240823b |||||||| |||| 00| 0 eng d | ||
| 020 | _a978-81-315-1264-7 | ||
| 082 |
_a005.74 _bRIT-P |
||
| 100 | _aRitchie, Colin | ||
| 245 |
_aPrinciples of Dtabase Systems and Design / _cby Colin Ritchie |
||
| 260 |
_aIndia : _bCengage Learning ; _c2009 |
||
| 300 |
_a442 p. : _c24 cm. |
||
| 500 | _aInclude Index. | ||
| 650 | _aEngineering / Database | ||
| 999 |
_c36449 _d36449 |
||